000 00965cab a2200277 4500
001 ABS47807
008 090401t xxu||||| |||| 00| 0 eng d
035 _a(Sirsi) u63463
041 _aeng
100 _aRooley, R.H.
245 _aBuilding services: maintenance systems and policies
260 _c11(3) Winter 1992/93, 289-293 (5)
350 _a0
490 _aStructural Survey
_v11(3) Winter 1992/93, 289-293 (5)
520 _aCovers the commissioning of a building and consideration of services at the design stage, the maintenance of systems and the importance of the initial choice of systems.
650 _aCOMMISSIONING
650 _aDATABASE
650 _aDEFECTS
650 _aDESIGN
650 _aBUILT ENVIRONMENT-BUILDING MAINTENANCE AND REFURBISHMENT
650 _aOFFICE SERVICES
690 _aBUILDING AND CONSTRUCTION-REPAIRS AND MAINTENANCE
690 _aOFFICE SERVICES AND ADMINISTRATION
942 _n0
948 _c04/03/1997
999 _c39445
_d39445